| Tag |
First Indicator |
Second Indicator |
Subfields |
| LEADER |
00000cam a2200000 4500 |
| 001 |
in00000068050 |
| 005 |
20151008051330.0 |
| 008 |
720605s1958 dcu b 00000 eng u |
| 010 |
|
|
|a 58010886
|
| 035 |
|
|
|a (OCoLC)00325333
|
| 035 |
|
|
|9 AAG7245AM
|
| 040 |
|
|
|c OUN
|d TXA
|d UtOrBLW
|
| 049 |
|
|
|a TXAM
|c [318731]
|
| 050 |
|
0 |
|a JN1121
|b 1958 .C6
|
| 092 |
|
|
|a 329.942
|b C732p
|
| 100 |
1 |
|
|a Comfort, George O.
|
| 245 |
1 |
0 |
|a Professional politicians ;
|b a study of British party agents.
|
| 264 |
|
1 |
|a Washington :
|b Public Affairs Press,
|c [1958]
|
| 300 |
|
|
|a vii, 69 pages ;
|c 23 cm.
|
| 336 |
|
|
|a text
|b txt
|2 rdacontent
|
| 337 |
|
|
|a unmediated
|b n
|2 rdamedia
|
| 338 |
|
|
|a volume
|b nc
|2 rdacarrier
|
| 490 |
1 |
|
|a Annals of American research
|
| 504 |
|
|
|a Bibliographic footnotes.
|
| 650 |
|
0 |
|a Political parties
|z Great Britain.
|
| 830 |
|
0 |
|a Annals of American research.
|
| 999 |
|
|
|a MARS
|
| 999 |
f |
f |
|s 9afa3b14-b4e5-346d-9e60-fdffef3715fc
|i 0ac3eb5f-cb30-318a-a78e-4b8115dd5a3d
|t 0
|
| 952 |
f |
f |
|p ric
|a Texas A&M University
|b Rellis Campus
|c Joint Library Facility
|d Remote Storage
|t 0
|e JN1121 1958 .C6
|h Library of Congress classification
|i unmediated -- volume
|m A14800684356
|
| 998 |
f |
f |
|a JN1121 1958 .C6
|t 0
|l Remote Storage
|